Középmongol eredetű jövevényszavak a csuvasban II

Elmentve itt :
Bibliográfiai részletek
Szerző: Róna-Tas András
Dokumentumtípus: Cikk
Megjelent: Szeged József Attila Tudományegyetem Szeged 1974
Sorozat:Néprajz és nyelvtudomány = étnografiâ i azykoznanie = Volkskunde und Sprachwissenschaft
Kulcsszavak:Csuvas nyelv - mongol jövevényszavak
Tárgyszavak:
Online Access:http://misc.bibl.u-szeged.hu/67888
LEADER 00922nab a2200217 i 4500
001 misc67888
005 20231012143004.0
008 230629s1974 hu o 0|| hun d
040 |a SZTE Miscellanea Repozitórium  |b hun 
041 |a hun 
100 2 |a Róna-Tas András 
245 1 0 |a Középmongol eredetű jövevényszavak a csuvasban II  |h [elektronikus dokumentum] /  |c  Róna-Tas András 
260 |a Szeged József Attila Tudományegyetem  |b Szeged  |c 1974 
300 |a 125-141 
490 0 |a Néprajz és nyelvtudomány = étnografiâ i azykoznanie = Volkskunde und Sprachwissenschaft 
561 |a Németh Gyula hagyaték 
591 |a LOA 3214;NOA 5050;NOA 5051;NOA 5052;ROA 537;NOA 5050a;B 71418;XKEK 1922 
650 4 |a Bölcsészettudományok 
650 4 |a Nyelvek és irodalom 
695 |a Csuvas nyelv - mongol jövevényszavak 
856 4 0 |u http://misc.bibl.u-szeged.hu/67888/1/5051_noa.pdf  |z Dokumentum-elérés